[Event "4NCL Division 3s"]
[Site "Daventry Court ENG"]
[Date "2013.11.17"]
[Round "2.95"]
[White "Feavyour, John A"]
[Black "Compton, Alistair"]
[Result "0-1"]
[WhiteElo "2048"]
[BlackElo "2094"]
[PlyCount "48"]
[EventDate "2013.11.17"]
[WhiteTeam "Iceni 1"]
[BlackTeam "The Rookies"]

1. d4 e6 2. c4 d5 3. Nc3 c5 4. cxd5 exd5 5. Nf3 Nc6 6. g3 Nf6 7. Bg2 Be7 8. O-O
O-O 9. Bg5 c4 10. b3 h6 11. Be3 cxb3 12. Qxb3 Na5 13. Qc2 Nc4 14. Bf4 Be6 15.
Ne5 Rc8 16. Nxc4 Rxc4 17. Qd3 Qd7 18. Rfe1 Rfc8 19. Rac1 Ba3 20. Bd2 Bxc1 21.
Rxc1 Ne4 22. Bxe4 dxe4 23. Qb1 Rxd4 24. Be3 Rxc3 0-1

[Event "4NCL Division 3s"]
[Site "Daventry Court ENG"]
[Date "2013.11.17"]
[Round "2.96"]
[White "Jones, Christopher M"]
[Black "Ruthen, Stephen W"]
[Result "1/2-1/2"]
[WhiteElo "2075"]
[BlackElo "2048"]
[PlyCount "46"]
[EventDate "2013.11.17"]
[WhiteTeam "The Rookies"]
[BlackTeam "Iceni 1"]

1. e4 e5 2. Nf3 Nc6 3. Nc3 Nf6 4. d4 exd4 5. Nxd4 Bb4 6. Nxc6 bxc6 7. Bd3 d5 8.
exd5 cxd5 9. O-O O-O 10. Bg5 c6 11. Qf3 h6 12. Bxf6 Qxf6 13. Qxf6 gxf6 14. Ne2
Bd6 15. Ng3 Rb8 16. Rab1 Re8 17. Rfe1 Re5 18. b3 Bb4 19. Rec1 Bd7 20. c3 Bd6
21. Nf1 h5 22. Nd2 Bg4 23. Nf3 Bxf3 1/2-1/2

[Event "4NCL Division 3s"]
[Site "Daventry Court ENG"]
[Date "2013.11.17"]
[Round "2.97"]
[White "Savage, Nicholas W"]
[Black "Gibson, Christopher A"]
[Result "0-1"]
[WhiteElo "1966"]
[BlackElo "2013"]
[PlyCount "102"]
[EventDate "2013.11.17"]
[WhiteTeam "Iceni 1"]
[BlackTeam "The Rookies"]

1. e4 c5 2. Nf3 Nc6 3. d4 cxd4 4. Nxd4 Nf6 5. Nc3 e5 6. Ndb5 d6 7. Bg5 a6 8.
Na3 b5 9. Bxf6 gxf6 10. Nd5 f5 11. Bd3 Be6 12. c3 Bg7 13. Nxb5 axb5 14. Bxb5
Bd7 15. exf5 O-O 16. O-O e4 17. a4 Re8 18. Qg4 Kh8 19. Rad1 Re5 20. Ne3 Qf6 21.
Qh5 Rg8 22. Ng4 Qe7 23. Nxe5 Nxe5 24. Rfe1 Bc8 25. Rxe4 Bb7 26. Rh4 h6 27.
Qxh6+ Bxh6 28. Rxh6+ Kg7 29. f6+ Qxf6 30. Rxf6 Kxf6 31. Rxd6+ Ke7 32. Rb6 Bxg2
33. f4 Bh3+ 34. Kf2 Rg2+ 35. Ke3 Ng4+ 36. Kd4 Rxb2 37. a5 Rd2+ 38. Kc5 Nf6 39.
Rb7+ Nd7+ 40. Bxd7 Bxd7 41. a6 Rxh2 42. a7 Ra2 43. c4 f5 44. Kb6 Rb2+ 45. Kc7
Rxb7+ 46. Kxb7 Kd6 47. Kb8 Bc6 48. Kc8 Be4 49. Kd8 Kc5 50. Ke7 Kb6 51. Kd6 Kxa7
0-1

[Event "4NCL Division 3s"]
[Site "Daventry Court ENG"]
[Date "2013.11.17"]
[Round "2.99"]
[White "Reynolds, D Ian W"]
[Black "Piper, Stephen J"]
[Result "0-1"]
[WhiteElo "2010"]
[BlackElo "2042"]
[PlyCount "52"]
[EventDate "2013.11.17"]
[WhiteTeam "Iceni 1"]
[BlackTeam "The Rookies"]

1. e4 g6 2. d4 Bg7 3. Nf3 d6 4. Bd3 Nf6 5. O-O O-O 6. h3 Nc6 7. c3 e5 8. Bg5 h6
9. Be3 exd4 10. cxd4 Nb4 11. Nc3 Nxd3 12. Qxd3 Re8 13. Rfe1 Nxe4 14. Nxe4 Bf5
15. Nfd2 d5 16. f3 c5 17. dxc5 dxe4 18. Qxd8 Raxd8 19. fxe4 Bxe4 20. Nxe4 Rxe4
21. Bf2 Rxe1+ 22. Rxe1 Bxb2 23. Re7 Rd1+ 24. Kh2 Rd2 25. Bg3 Bd4 26. Rd7 Bg1+
0-1

[Event "4NCL Division 3s"]
[Site "Daventry Court ENG"]
[Date "2013.11.17"]
[Round "2.105"]
[White "Graham, David B"]
[Black "Lambourne, Daniel M"]
[Result "1-0"]
[WhiteElo "2147"]
[BlackElo "2024"]
[PlyCount "43"]
[EventDate "2013.11.17"]
[WhiteTeam "Sussex Smart Survivors 1"]
[BlackTeam "Gloucestershire Gambits"]

1. e4 e6 2. Nc3 d5 3. d4 Nf6 4. Bg5 Be7 5. e5 Nfd7 6. Bxe7 Qxe7 7. Qh5 a6 8. f4
g6 9. Qh6 c5 10. Nf3 Nc6 11. O-O-O c4 12. h4 Qf8 13. Qxf8+ Nxf8 14. h5 Bd7 15.
h6 b5 16. Ng5 Ke7 17. g4 f5 18. exf6+ Kxf6 19. Bg2 Ne7 20. Nce4+ dxe4 21. Nxe4+
Kf7 22. Nd6+ 1-0

[Event "4NCL Division 3s"]
[Site "Daventry Court ENG"]
[Date "2013.11.17"]
[Round "2.106"]
[White "Waterfield, John W"]
[Black "Bucher, Grant W"]
[Result "0-1"]
[WhiteElo "1982"]
[BlackElo "2066"]
[PlyCount "86"]
[EventDate "2013.11.17"]
[WhiteTeam "Gloucestershire Gambits"]
[BlackTeam "Sussex Smart Survivors 1"]

1. e4 e5 2. f4 exf4 3. Nf3 g5 4. Nc3 g4 5. Ne5 Qh4+ 6. g3 fxg3 7. Qxg4 Qxg4 8.
Nxg4 d5 9. Ne5 gxh2 10. Nxd5 Bd6 11. d4 f6 12. Nf3 Bg3+ 13. Kd1 Bg4 14. Be2 Nc6
15. c3 O-O-O 16. Bf4 Bxf4 17. Nxf4 Bxf3 18. Bxf3 Ne5 19. Ke2 Ng6 20. Bg4+ Kb8
21. Ne6 Re8 22. Kd2 Nh6 23. Bh3 Nf7 24. Rxh2 Ng5 25. Nxg5 fxg5 26. Bf5 Nh4 27.
Rf1 h5 28. Kd3 Nxf5 29. Rxf5 Reg8 30. e5 h4 31. e6 Kc8 32. e7 Kd7 33. Re2 c6
34. e8=Q+ Rxe8 35. Rxg5 Rxe2 36. Kxe2 h3 37. Rg1 h2 38. Rh1 Ke6 39. Ke3 Kd5 40.
Kd3 Rh3+ 41. Kd2 Ke4 42. Ke2 b5 43. b3 Rxc3 0-1

[Event "4NCL Division 3s"]
[Site "Daventry Court ENG"]
[Date "2013.11.17"]
[Round "2.107"]
[White "Cumming, Rhys"]
[Black "Meade, Philip J"]
[Result "1-0"]
[WhiteElo "2021"]
[BlackElo "1920"]
[PlyCount "67"]
[EventDate "2013.11.17"]
[WhiteTeam "Sussex Smart Survivors 1"]
[BlackTeam "Gloucestershire Gambits"]

1. e4 c5 2. d4 cxd4 3. c3 Nf6 4. e5 Nd5 5. Nf3 e6 6. cxd4 d6 7. a3 Bd7 8. Bd3
Bc6 9. O-O Be7 10. Re1 Nd7 11. b4 a6 12. Nbd2 dxe5 13. dxe5 Qc7 14. Bb2 Rc8 15.
Rc1 Qb8 16. Bb1 O-O 17. Ne4 Rfd8 18. Nfg5 Nf4 19. Qg4 Ng6 20. Qh5 Bxg5 21. Nxg5
Ndf8 22. Rc3 Bxg2 23. Rg3 Bd5 24. Rh3 Rc4 25. Nxh7 Rh4 26. Rxh4 Nxh4 27. Qxh4
Nxh7 28. Qxh7+ Kf8 29. Bc1 Rc8 30. Bg5 Ke8 31. Qg8+ Kd7 32. Qxf7+ Kc6 33. Be4
Re8 34. Rc1+ 1-0

[Event "4NCL Division 3s"]
[Site "Daventry Court ENG"]
[Date "2013.11.17"]
[Round "2.116"]
[White "Campbell, Mark C"]
[Black "Truman, Richard G"]
[Result "1/2-1/2"]
[WhiteElo "1952"]
[BlackElo "1923"]
[PlyCount "58"]
[EventDate "2013.11.17"]
[WhiteTeam "Cambridge University 3"]
[BlackTeam "e2e4.org.uk 3"]

1. e4 c5 2. Nf3 e6 3. d4 cxd4 4. Nxd4 a6 5. c4 Qc7 6. Nc3 Nf6 7. Be3 Bb4 8. f3
Nc6 9. Qd2 O-O 10. a3 Be7 11. O-O-O Na5 12. Qd3 d5 13. cxd5 exd5 14. Kb1 dxe4
15. fxe4 Rd8 16. Be2 Bg4 17. h3 Bxe2 18. Qxe2 Nc4 19. Nf5 Nxe3 20. Nxe7+ Qxe7
21. Qxe3 b5 22. g4 Re8 23. Rhe1 Nd7 24. Nd5 Qe5 25. Qd4 Rac8 26. Qxe5 Nxe5 27.
Nc3 h6 28. Rd6 Re6 29. Red1 Nc4 1/2-1/2

[Event "4NCL Division 3s"]
[Site "Daventry Court ENG"]
[Date "2013.11.17"]
[Round "2.118"]
[White "Breed, Greg J"]
[Black "Salisbury, Michael W"]
[Result "1-0"]
[WhiteElo "1706"]
[BlackElo "2022"]
[PlyCount "145"]
[EventDate "2013.11.17"]
[WhiteTeam "Cambridge University 3"]
[BlackTeam "e2e4.org.uk 3"]

1. d4 Nf6 2. c4 c5 3. d5 b5 4. cxb5 a6 5. b6 Qxb6 6. Nc3 d6 7. e4 g6 8. Bd3 Bg7
9. Qa4+ Bd7 10. Qc2 O-O 11. h3 Bb5 12. Nf3 Nbd7 13. O-O Rfb8 14. a4 Bxd3 15.
Qxd3 Qc7 16. Qc2 Ra7 17. Nd2 Kf8 18. a5 Ne8 19. Nc4 Qb7 20. Ra3 Bxc3 21. Rxc3
Nc7 22. Bh6+ Kg8 23. f4 Nb5 24. Rg3 Nd4 25. Qf2 Nf6 26. Re1 Nh5 27. Rg5 Ng7 28.
Nb6 e6 29. Rg3 Nh5 30. Rd3 Qe7 31. g4 Ng7 32. b4 Re8 33. bxc5 dxc5 34. Bg5 f6
35. d6 Qxd6 36. Bxf6 Rf7 37. Be5 Qf8 38. Qh4 Rd8 39. Kg2 Qe7 40. Qxe7 Rxe7 41.
Bf6 Ree8 42. Bxd8 Rxd8 43. Red1 e5 44. fxe5 Nge6 45. Nd5 Rb8 46. Rf1 Rb5 47. h4
Rxa5 48. g5 Ra2+ 49. Kg3 Kg7 50. Nf4 Nxf4 51. Kxf4 Rh2 52. Kg3 Re2 53. Rf4 a5
54. Rc3 a4 55. Ra3 Rb2 56. Kg4 Rb4 57. Rf6 Nc2 58. Raf3 Rxe4+ 59. Kg3 Re3 60.
Rxe3 Nxe3 61. Ra6 c4 62. Rxa4 c3 63. Ra7+ Kf8 64. Rxh7 Nc4 65. Rc7 Nxe5 66. Kf4
Nd3+ 67. Ke4 Nf2+ 68. Ke5 Ng4+ 69. Ke6 Ne3 70. Rxc3 Nf5 71. Kf6 Ke8 72. h5 Ne7
73. Re3 1-0

[Event "4NCL Division 3s"]
[Site "Daventry Court ENG"]
[Date "2013.11.17"]
[Round "2.119"]
[White "Livesey, R  Nigel"]
[Black "Ivanov, George"]
[Result "1-0"]
[WhiteElo "1888"]
[BlackElo "1717"]
[PlyCount "43"]
[EventDate "2013.11.17"]
[WhiteTeam "e2e4.org.uk 3"]
[BlackTeam "Cambridge University 3"]

1. c4 Nf6 2. g3 e6 3. Nf3 d5 4. d4 Be7 5. Bg2 Nbd7 6. O-O c5 7. cxd5 Nxd5 8. e4
N5f6 9. Nc3 cxd4 10. Nxd4 O-O 11. Qe2 e5 12. Nf5 Bb4 13. Bd2 Nc5 14. a3 Bxc3
15. Bxc3 Qc7 16. Bb4 b6 17. Qc2 Be6 18. Bxc5 bxc5 19. Rac1 Rac8 20. Rfd1 Qb7
21. Nd6 Qb3 22. Nxc8 1-0

[Event "4NCL Division 3s"]
[Site "Daventry Court ENG"]
[Date "2013.11.17"]
[Round "2.125"]
[White "Habershon, Paul F"]
[Black "Thorarinsson, Pall A"]
[Result "0-1"]
[WhiteElo "2090"]
[BlackElo "2226"]
[PlyCount "78"]
[EventDate "2013.11.17"]
[WhiteTeam "MK Phoenix 1"]
[BlackTeam "Fermented Sharks"]

1. Nf3 Nf6 2. c4 c5 3. Nc3 g6 4. g3 b6 5. Bg2 Bb7 6. O-O Bg7 7. e3 O-O 8. d4
Ne4 9. Qc2 Nxc3 10. Qxc3 Be4 11. Qa3 d6 12. Bd2 Qc7 13. Rac1 Qb7 14. d5 e6 15.
Bc3 exd5 16. Bxg7 Kxg7 17. Qc3+ Kg8 18. cxd5 Bxd5 19. Qf6 Na6 20. Rfd1 Rae8 21.
Nh4 Re6 22. Qg5 Bxg2 23. Nxg2 f6 24. Qh6 d5 25. Nf4 Rd6 26. h4 Rfd8 27. Rd2 Nb4
28. a3 Nc6 29. Ne2 Ne5 30. Rdc2 Qg7 31. Qxg7+ Kxg7 32. Kg2 d4 33. exd4 cxd4 34.
Rc7+ R8d7 35. Rxd7+ Rxd7 36. Rd1 d3 37. Nc1 d2 38. Nb3 Nc4 39. Kf1 Rd3 0-1

[Event "4NCL Division 3s"]
[Site "Daventry Court ENG"]
[Date "2013.11.17"]
[Round "2.126"]
[White "Farkas, Daniel"]
[Black "Tippleston, Charles E"]
[Result "1/2-1/2"]
[WhiteElo "2118"]
[BlackElo "2115"]
[PlyCount "117"]
[EventDate "2013.11.17"]
[WhiteTeam "Fermented Sharks"]
[BlackTeam "MK Phoenix 1"]

1. e4 c5 2. c3 d5 3. exd5 Qxd5 4. d4 Nf6 5. Nf3 Nc6 6. Na3 e6 7. Nb5 Qd8 8.
dxc5 Bxc5 9. Qxd8+ Kxd8 10. Bf4 Nd5 11. O-O-O Ke7 12. Bg3 a6 13. Nbd4 Nxd4 14.
Nxd4 Bd7 15. Bc4 Nb6 16. Be2 Bxd4 17. Rxd4 Bc6 18. Bd6+ Ke8 19. Rhd1 Rd8 20. c4
f6 21. Bc7 Rxd4 22. Rxd4 Nd7 23. b4 Ke7 24. g3 Rc8 25. Bd6+ Kf7 26. Kb2 Nb6 27.
c5 Nd5 28. a3 Ne7 29. g4 Rd8 30. Kc3 Nd5+ 31. Kb3 Ne7 32. Rd3 Nc8 33. Bc7 Rxd3+
34. Bxd3 Ke7 35. a4 e5 36. Be2 Kd7 37. Ba5 Na7 38. Bb6 Nc8 39. Ba5 Na7 40. Bd3
g6 41. Bc4 Bf3 42. h3 Nc6 43. Bb6 Nd4+ 44. Kc3 Bc6 45. Bg8 h6 46. b5 axb5 47.
axb5 Nxb5+ 48. Kc4 Nd4 49. f4 Ne2 50. fxe5 fxe5 51. Ba5 g5 52. Bh7 Nf4 53. Bf5+
Ke7 54. Bc7 Bd5+ 55. Kc3 Kf6 56. Bd8+ Kf7 57. Bc7 Nxh3 58. Bxe5 Nf4 59. Bc2
1/2-1/2

[Event "4NCL Division 3s"]
[Site "Daventry Court ENG"]
[Date "2013.11.17"]
[Round "2.127"]
[White "Reuben, Stewart"]
[Black "Stevenson, James AB"]
[Result "0-1"]
[WhiteElo "2073"]
[BlackElo "2095"]
[PlyCount "78"]
[EventDate "2013.11.17"]
[WhiteTeam "MK Phoenix 1"]
[BlackTeam "Fermented Sharks"]

1. c4 b6 2. Nc3 e6 3. e4 Bb7 4. Be2 c5 5. Bf3 Nc6 6. d3 Nd4 7. Be3 Nxf3+ 8.
Nxf3 d6 9. d4 cxd4 10. Qxd4 Nf6 11. Rd1 Be7 12. O-O O-O 13. Bg5 Rc8 14. Rfe1
Qc7 15. b3 Rfd8 16. Rd3 Qc5 17. Red1 h6 18. Qxc5 dxc5 19. Bxf6 Bxf6 20. Rxd8+
Rxd8 21. Rxd8+ Bxd8 22. Nd2 g5 23. Kf1 Bc7 24. g3 Be5 25. Ndb1 g4 26. Ke2 Kg7
27. f3 gxf3+ 28. Kxf3 h5 29. Ke3 Kg6 30. Ne2 Kg5 31. h3 h4 32. g4 f5 33. gxf5
exf5 34. Nbc3 f4+ 35. Kf3 Bc8 36. Nd5 Bxh3 37. Nexf4 Bg4+ 38. Ke3 h3 39. Nd3
Bd4+ 0-1

[Event "4NCL Division 3s"]
[Site "Daventry Court ENG"]
[Date "2013.11.17"]
[Round "2.128"]
[White "Agnew, Alan"]
[Black "Brown, Alan M"]
[Result "1/2-1/2"]
[WhiteElo "2061"]
[BlackElo "2087"]
[PlyCount "68"]
[EventDate "2013.11.17"]
[WhiteTeam "Fermented Sharks"]
[BlackTeam "MK Phoenix 1"]

1. e4 e6 2. d3 d5 3. Nd2 e5 4. Ngf3 Nc6 5. Be2 Nf6 6. O-O Be7 7. c3 O-O 8. b4
a6 9. a3 h6 10. Bb2 Be6 11. c4 dxe4 12. dxe4 Nd7 13. b5 axb5 14. cxb5 Nd4 15.
Nxd4 exd4 16. Nf3 d3 17. Bxd3 Nc5 18. Nd4 Nxd3 19. Qxd3 Bf6 20. Rad1 Qe7 21. f4
Bxd4+ 22. Qxd4 f6 23. f5 Bb3 24. Rd3 Rfd8 25. Qc3 Rxd3 26. Qxd3 Qc5+ 27. Bd4
Bc4 28. Rc1 Bxd3 29. Rxc5 Rxa3 30. Rxc7 Bxe4 31. Rc8+ Kh7 32. Rc7 Kg8 33. Rc8+
Kh7 34. Rc7 Kg8 1/2-1/2

[Event "4NCL Division 3s"]
[Site "Daventry Court ENG"]
[Date "2013.11.17"]
[Round "2.129"]
[White "Smith, Graham M"]
[Black "Hermes, Geoff R"]
[Result "1/2-1/2"]
[WhiteElo "2057"]
[BlackElo "1997"]
[PlyCount "82"]
[EventDate "2013.11.17"]
[WhiteTeam "MK Phoenix 1"]
[BlackTeam "Fermented Sharks"]

1. e4 d6 2. d4 Nf6 3. Nc3 c6 4. f4 Qa5 5. e5 Ne4 6. Qf3 d5 7. Bd3 Na6 8. Nge2
Nb4 9. O-O Nxd3 10. cxd3 Nxc3 11. bxc3 g6 12. g4 e6 13. Bd2 Bd7 14. Ng3 O-O-O
15. f5 Rg8 16. fxg6 fxg6 17. Bg5 Re8 18. Qf7 Bg7 19. Ne2 Qa3 20. Bf6 Bxf6 21.
exf6 Rgf8 22. Qxh7 Rh8 23. Qg7 Reg8 24. Qe7 Qb2 25. f7 Rf8 26. Rae1 Qd2 27. Qf6
g5 28. Qf3 Rh7 29. Rd1 Qb2 30. Rb1 Qc2 31. Qe3 Rhxf7 32. Rfc1 Rf3 33. Qxf3
Qxc1+ 34. Rxc1 Rxf3 35. Rd1 e5 36. dxe5 Bxg4 37. Rd2 Re3 38. Kf2 Rxe5 39. Ng3
Kd7 40. d4 Re7 41. Rc2 Rf7+ 1/2-1/2

[Event "4NCL Division 3s"]
[Site "Daventry Court ENG"]
[Date "2013.11.17"]
[Round "2.130"]
[White "Millward, Kevin P"]
[Black "Fraser-Mitchell, Jeremy N"]
[Result "1/2-1/2"]
[WhiteElo "1946"]
[BlackElo "2063"]
[PlyCount "87"]
[EventDate "2013.11.17"]
[WhiteTeam "Fermented Sharks"]
[BlackTeam "MK Phoenix 1"]

1. g3 e5 2. Bg2 Nc6 3. d3 g6 4. Nc3 Bg7 5. e4 Nge7 6. Be3 O-O 7. Qd2 d6 8. Bh6
Nd4 9. O-O-O c6 10. h4 f6 11. Bxg7 Kxg7 12. h5 g5 13. h6+ Kh8 14. f4 Bg4 15.
Rf1 gxf4 16. gxf4 Ng6 17. Bh3 f5 18. Bxg4 fxg4 19. f5 Nf4 20. Nce2 Nfxe2+ 21.
Nxe2 Nf3 22. Qe3 d5 23. Ng1 dxe4 24. dxe4 Nd4 25. c3 Nb5 26. Ne2 Qf6 27. Ng3
Nd6 28. b3 Nf7 29. Rfg1 Rad8 30. Kc2 Rd6 31. Rd1 Rfd8 32. Qxa7 Qg5 33. Rxd6
Rxd6 34. Rd1 Qxh6 35. Qb8+ Kg7 36. Rxd6 Nxd6 37. f6+ Kg6 38. Qxd6 Qh2+ 39. Kb1
Qxg3 40. f7+ Kxf7 41. Qd7+ Kg6 42. Qf5+ Kg7 43. Qd7+ Kg6 44. Qf5+ 1/2-1/2

[Event "4NCL Division 3s"]
[Site "Daventry Court ENG"]
[Date "2013.11.17"]
[Round "2.135"]
[White "White, Martin J"]
[Black "Dickinson, Tim R"]
[Result "0-1"]
[WhiteElo "1859"]
[BlackElo "2122"]
[PlyCount "104"]
[EventDate "2013.11.17"]
[WhiteTeam "Bristol 2"]
[BlackTeam "Oxford 2"]

1. e4 c6 2. d4 d5 3. exd5 cxd5 4. c4 Nf6 5. Nc3 e6 6. Nf3 Bb4 7. cxd5 Nxd5 8.
Bd2 Nc6 9. Bd3 O-O 10. O-O Be7 11. a3 Bf6 12. Qc2 g6 13. Bh6 Re8 14. Rad1 Nxc3
15. bxc3 b6 16. Rfe1 Bb7 17. Ne5 Qc7 18. Ng4 Bg7 19. Bxg7 Kxg7 20. Qd2 f5 21.
Ne5 Nxe5 22. Rxe5 Rac8 23. c4 Qd6 24. Qe3 Bc6 25. c5 Qd7 26. Bc4 Bd5 27. Bxd5
exd5 28. Re1 Rxe5 29. Qxe5+ Kf7 30. cxb6 axb6 31. g3 Re8 32. Qxe8+ Qxe8 33.
Rxe8 Kxe8 34. Kf1 Kd7 35. Ke2 Kc6 36. Kd3 Kb5 37. Kc3 Ka4 38. Kb2 b5 39. Ka2 b4
40. axb4 Kxb4 41. Kb2 Kc4 42. Kc2 Kxd4 43. Kd2 Ke4 44. Ke2 d4 45. f3+ Kd5 46.
Kd3 Kc5 47. Kd2 Kc4 48. Kc2 d3+ 49. Kd1 Kc3 50. Kc1 d2+ 51. Kd1 Kd3 52. f4 h5
0-1

[Event "4NCL Division 3s"]
[Site "Daventry Court ENG"]
[Date "2013.11.17"]
[Round "2.136"]
[White "Foster, Chantelle L"]
[Black "Taylor, John Paul J"]
[Result "1/2-1/2"]
[WhiteElo "1879"]
[BlackElo "1960"]
[PlyCount "86"]
[EventDate "2013.11.17"]
[WhiteTeam "Oxford 2"]
[BlackTeam "Bristol 2"]

1. e4 e6 2. d4 d5 3. Nd2 Nf6 4. e5 Nfd7 5. Bd3 c5 6. c3 Nc6 7. Ne2 Be7 8. O-O
cxd4 9. cxd4 O-O 10. Nf3 f6 11. Nf4 Ndxe5 12. Nxe5 fxe5 13. dxe5 Nxe5 14. Bxh7+
Kxh7 15. Qh5+ Kg8 16. Qxe5 Bd6 17. Qd4 Bxf4 18. Bxf4 Qb6 19. Qd2 Bd7 20. Rac1
Rac8 21. Be5 Rxc1 22. Rxc1 Rf5 23. Bd4 Qd6 24. Bc5 Qb8 25. Qd4 b6 26. Bb4 Rf4
27. Qd2 Qe5 28. b3 Re4 29. Qc3 d4 30. Qc7 Qxc7 31. Rxc7 a5 32. Rxd7 axb4 33. f3
Re1+ 34. Kf2 Rd1 35. Ke2 Rg1 36. Rxd4 Rxg2+ 37. Ke3 Rxh2 38. Rxb4 Rxa2 39. Rxb6
Kf7 40. b4 Kf6 41. f4 Rb2 42. Rb5 Rb1 43. Ke4 Re1+ 1/2-1/2

[Event "4NCL Division 3s"]
[Site "Daventry Court ENG"]
[Date "2013.11.17"]
[Round "2.138"]
[White "Scott, David A"]
[Black "Morris, Barry"]
[Result "1/2-1/2"]
[WhiteElo "2042"]
[BlackElo "2051"]
[PlyCount "22"]
[EventDate "2013.11.17"]
[WhiteTeam "Oxford 2"]
[BlackTeam "Bristol 2"]

1. d4 e6 2. c4 f5 3. Nf3 Nf6 4. Nc3 d5 5. Bf4 c6 6. e3 Be7 7. Qc2 O-O 8. Bd3
Ne4 9. Nd2 Nd7 10. f3 Nxd2 11. Qxd2 Nf6 1/2-1/2

[Event "4NCL Division 3s"]
[Site "Daventry Court ENG"]
[Date "2013.11.17"]
[Round "2.140"]
[White "Terry, Sean"]
[Black "Hardy, Roger"]
[Result "1/2-1/2"]
[WhiteElo "1924"]
[BlackElo "1953"]
[PlyCount "40"]
[EventDate "2013.11.17"]
[WhiteTeam "Oxford 2"]
[BlackTeam "Bristol 2"]

1. d4 Nf6 2. Nf3 g6 3. g3 d5 4. Bg2 Bg7 5. O-O O-O 6. c3 c6 7. Nbd2 Bf5 8. Re1
Ne4 9. Nh4 Nd7 10. Nxf5 gxf5 11. Nf1 e6 12. f3 Nd6 13. Kh1 c5 14. e3 Rc8 15. b3
cxd4 16. cxd4 Qb6 17. Qd3 Rc6 18. Ba3 Rfc8 19. Bxd6 Rxd6 20. Rec1 Rdc6 1/2-1/2

[Event "4NCL Division 3s"]
[Site "Daventry Court ENG"]
[Date "2013.11.17"]
[Round "2.146"]
[White "Ingram, Keith R"]
[Black "Mossong, Hubert"]
[Result "0-1"]
[WhiteElo "2022"]
[BlackElo "2121"]
[PlyCount "112"]
[EventDate "2013.11.17"]
[WhiteTeam "Warwickshire Select 2"]
[BlackTeam "Leeds University Old Boys"]

1. e4 d6 2. d4 Nf6 3. Nc3 c6 4. a4 Qa5 5. Bd2 e5 6. Nd5 Qd8 7. Nxf6+ Qxf6 8.
Bc3 Be7 9. Nf3 Bg4 10. dxe5 dxe5 11. Be2 Bxf3 12. Bxf3 Na6 13. O-O Rd8 14. Qe2
Bb4 15. Qc4 Qe7 16. Rfd1 O-O 17. Be2 Bxc3 18. Qxc3 Nc5 19. Qa3 Rfe8 20. f3 Kf8
21. c3 Ne6 22. Qxe7+ Kxe7 23. Kf2 a5 24. Ke3 Rxd1 25. Bxd1 Rd8 26. Bc2 f6 27.
Rd1 Rxd1 28. Bxd1 Kd6 29. g3 b5 30. b3 Kc5 31. axb5 cxb5 32. f4 b4 33. fxe5
fxe5 34. Kd3 Nc7 35. c4 Ne6 36. h4 Nd4 37. g4 h6 38. Kd2 Ne6 39. Ke3 g5 40.
hxg5 hxg5 41. Be2 Nd4 42. Bd1 a4 43. bxa4 Kxc4 44. Kd2 Nc6 45. Kc2 Na5 46. Kb2
Kd4 47. Bc2 Ke3 48. Kc1 Kf4 49. Kd2 Kxg4 50. Ke3 Kg3 51. Bd3 g4 52. Be2 Kh3 53.
Kf2 g3+ 54. Kg1 b3 55. Bd1 b2 56. Bc2 g2 0-1

[Event "4NCL Division 3s"]
[Site "Daventry Court ENG"]
[Date "2013.11.17"]
[Round "2.147"]
[White "Taylor, Mark V"]
[Black "Page, Mark E"]
[Result "0-1"]
[WhiteElo "2097"]
[BlackElo "2100"]
[PlyCount "96"]
[EventDate "2013.11.17"]
[WhiteTeam "Leeds University Old Boys"]
[BlackTeam "Warwickshire Select 2"]

1. d4 Nf6 2. c4 g6 3. Nc3 Bg7 4. e4 d6 5. Nf3 O-O 6. h3 e5 7. d5 Nbd7 8. Bg5 h6
9. Be3 Qe7 10. g4 Nc5 11. Nd2 Ne8 12. Rg1 a5 13. Qc2 Kh8 14. O-O-O c6 15. Kb1
Rb8 16. Be2 Bd7 17. h4 Nc7 18. h5 g5 19. Nf1 N7a6 20. Ng3 Nb4 21. Qd2 cxd5 22.
cxd5 b5 23. Bxc5 dxc5 24. Nf5 Bxf5 25. gxf5 Qd7 26. Rc1 f6 27. Rgd1 c4 28. a3
Na6 29. Nxb5 Qxb5 30. Bxc4 Qb6 31. Bxa6 Qxa6 32. d6 Rfd8 33. Rc7 Qb6 34. Rc2
Bf8 35. d7 Bxa3 36. Qc3 Be7 37. Qc4 Kg7 38. Qd5 a4 39. Rdd2 a3 40. Rc6 Qb3 41.
Qe6 Qxe6 42. fxe6 f5 43. exf5 Kf6 44. Ka2 Rxb2+ 45. Rxb2 axb2 46. Kxb2 Kxf5 47.
Kc3 g4 48. Kc4 Ke4 0-1

[Event "4NCL Division 3s"]
[Site "Daventry Court ENG"]
[Date "2013.11.17"]
[Round "2.149"]
[White "Deighton, Simon"]
[Black "Ali, Golam S"]
[Result "1-0"]
[WhiteElo "1986"]
[BlackElo "1853"]
[PlyCount "120"]
[EventDate "2013.11.17"]
[WhiteTeam "Leeds University Old Boys"]
[BlackTeam "Warwickshire Select 2"]

1. d4 d5 2. c4 e6 3. Nc3 Nf6 4. cxd5 exd5 5. Bg5 Be7 6. e3 c6 7. Bd3 h6 8. Bh4
Be6 9. Nge2 Qb6 10. O-O Nbd7 11. Qc2 g5 12. Bg3 Nh5 13. a3 Nxg3 14. Nxg3 c5 15.
Na4 Qc6 16. Nxc5 Rc8 17. Qe2 Bxc5 18. dxc5 Qxc5 19. Nf5 Bxf5 20. Bxf5 Rc7 21.
Bxd7+ Kxd7 22. Qg4+ Ke7 23. Rad1 Rd8 24. h4 Rg8 25. Rd4 Rg6 26. Rfd1 gxh4 27.
Qxh4+ Ke6 28. e4 Qe7 29. exd5+ Kd6 30. Qf4+ Qe5 31. Qd2 Rc8 32. Qb4+ Kd7 33.
Qxb7+ Rc7 34. Qb5+ Kd8 35. Qb8+ Kd7 36. d6 Rc2 37. Qb7+ Kd8 38. d7 Rb6 39. Qa8+
Rb8 40. Re4 Rxa8 41. Rxe5 Kc7 42. Re8 Rd8 43. Re7 Rxb2 44. Rxf7 Ra2 45. Rd3
Ra1+ 46. Kh2 Ra2 47. g4 a5 48. Kg3 Rb2 49. Rf5 a4 50. Rc5+ Kb7 51. Rh5 Rb3 52.
Rxb3+ axb3 53. Rb5+ Kc6 54. Rxb3 Rxd7 55. Rc3+ Kb5 56. f4 Rd5 57. f5 h5 58. Rf3
hxg4 59. Kxg4 Kc6 60. f6 Kd7 1-0

[Event "4NCL Division 3s"]
[Site "Daventry Court ENG"]
[Date "2013.11.17"]
[Round "2.156"]
[White "Farrand, Tom"]
[Black "Mercs, Peter J"]
[Result "1-0"]
[WhiteElo "2152"]
[BlackElo "2085"]
[PlyCount "113"]
[EventDate "2013.11.17"]
[WhiteTeam "BCM Rhinos (2)"]
[BlackTeam "Ashfield-Breadsall"]

1. e4 c5 2. Nc3 Nc6 3. f4 g6 4. Nf3 Bg7 5. Bb5 Nd4 6. O-O e6 7. d3 Ne7 8. Nxd4
cxd4 9. Ne2 O-O 10. Kh1 f5 11. Bd2 a6 12. Ba4 b5 13. Bb3 a5 14. a3 Bb7 15. e5
Qb6 16. Qe1 g5 17. fxg5 Ng6 18. Nf4 Qc6 19. Qe2 Bxe5 20. Bd5 exd5 21. Nxg6 Qxg6
22. Qxe5 Qg7 23. Rae1 Bc6 24. Bf4 a4 25. Qxg7+ Kxg7 26. Be5+ Kg6 27. h4 Rae8
28. Bxd4 Rxe1 29. Rxe1 Rf7 30. Kh2 Kh5 31. Kg3 f4+ 32. Kf3 Kxh4 33. Bf6 d4+ 34.
Kxf4 Bxg2 35. Re2 Kh3 36. Ke5 Bf3 37. Re1 Rf8 38. Kf4 Kg2 39. Re7 Bd1 40. Rxh7
Bxc2 41. Ke4 Bb3 42. Rxd7 Rb8 43. Be5 Rg8 44. Rg7 Rd8 45. Rh7 Bg8 46. Rh2+ Kg1
47. Rh8 Kf2 48. g6 Ke2 49. g7 Kd2 50. Rxg8 Rxg8 51. Bxd4 Kc2 52. Be5 Kb3 53.
Kd5 Kc2 54. Ke6 Kxd3 55. Kf7 Rxg7+ 56. Bxg7 Kc4 57. Bc3 1-0

[Event "4NCL Division 3s"]
[Site "Daventry Court ENG"]
[Date "2013.11.17"]
[Round "2.158"]
[White "Scrimgour, Alan"]
[Black "Burke, Steven J"]
[Result "1/2-1/2"]
[WhiteElo "2045"]
[BlackElo "2002"]
[PlyCount "37"]
[EventDate "2013.11.17"]
[WhiteTeam "BCM Rhinos (2)"]
[BlackTeam "Ashfield-Breadsall"]

1. e4 c5 2. c3 e6 3. d4 d5 4. e5 Nc6 5. Nf3 Nh6 6. Bd3 cxd4 7. cxd4 Nf5 8. Bxf5
exf5 9. O-O Be7 10. Nc3 Be6 11. b3 Rc8 12. Bb2 g5 13. Ne2 f4 14. Ne1 h5 15. Rc1
Qd7 16. Kh1 h4 17. f3 Rg8 18. Nd3 Kd8 19. Nf2 1/2-1/2

[Event "4NCL Division 3s"]
[Site "Daventry Court ENG"]
[Date "2013.11.17"]
[Round "2.159"]
[White "Taylor, Robert P"]
[Black "Stille, Alexander M"]
[Result "0-1"]
[WhiteElo "1917"]
[BlackElo "2045"]
[PlyCount "70"]
[EventDate "2013.11.17"]
[WhiteTeam "Ashfield-Breadsall"]
[BlackTeam "BCM Rhinos (2)"]

1. d4 d5 2. Nc3 g6 3. Bf4 c6 4. e3 Bg7 5. Bd3 Qb6 6. Qc1 Nd7 7. Nge2 e5 8. dxe5
Nxe5 9. O-O Ne7 10. Ng3 h5 11. Bxe5 Bxe5 12. Nge2 Nf5 13. Rb1 Qc7 14. f4 Bg7
15. Kh1 O-O 16. Bxf5 Bxf5 17. Nd4 Bg4 18. Qd2 Rad8 19. h3 Bc8 20. Nf3 Rfe8 21.
Rbe1 Qb6 22. Na4 Qb5 23. b3 c5 24. Rb1 Qc6 25. Nb2 Qa6 26. Nd3 c4 27. Nb4 Qe6
28. Rbd1 d4 29. exd4 a5 30. d5 Qd6 31. bxc4 axb4 32. Nd4 Re4 33. c3 bxc3 34.
Qxc3 Qf6 35. Qa5 b6 0-1